01020 2200193 4500001002100000005001500021035002000036008004100056245002800097100002000125250000600145260003200151300001200183084001400195082000800209650001000217520058700227990001200814INLIS00000000000072920240611115942 a0010-0424000705240611 1 ind 1 aRasuk /cRisa Saraswati aSaraswati, Risa a1 aYogyakarta :bBukune,c2015 a332 hlm a813 RIS r a813 4aFiksi aSemenjak kepergian sang Ayah, Langgir Janaka __ Gadis remaja yang sering merasa kesepian__ merasa tidak ada satu hal pun dalam hidupnya berjalan dengan baik. Hari-harinya dipenuhi rutukan bagi nasib buruk. Kalimat "Tuhan tidak adil" Seolah menjadi mantra dalam batinnya. Langgir iri dan ingin kisahnya lebih seperti para sahabatnya; Sekar Tanjung, seorang anak pungut yang dilimpahi kasih sayang keluarga angkatnya. Lintang Kasih yang punya orang tua kaya dan sering bepergian ke luar negeri. Juga Fransisca Inggrid, perempuan cantik yang selalu menemukan kemudahan dalam hidupnya. a0740033